| 000 | 00832-am-a2200217-a-4500 | ||
|---|---|---|---|
| 001 | YSU0088191 | ||
| 003 | AM-YEHGA | ||
| 005 | 20250617164105.0 | ||
| 008 | 990526s1962 xxu 000 0 rus u | ||
| 020 | _c00.21 | ||
| 040 | _aAM-YeHGA | ||
| 100 | 1 | 0 | _aГаврилова, Мария Кузьминична |
| 245 | 1 | 0 |
_aКлимат центральной Якутии / _cМ.К. Гаврилова ; Отв. ред. Н.А. Граве ; АН СССР. Сибирское отделение. Ин-т мерзлотоведения |
| 260 | 0 |
_aЯкутск : _bЯкутское кн. изд-во , _c1962. |
|
| 300 | _a63 с. | ||
| 650 | 4 | _aГеология | |
| 650 | 4 | _aКлимат | |
| 700 | 1 |
_aГраве, Н.А. _4edt |
|
| 710 | 2 | _aИн-т мерзлотоведения СО АН СССР (ИМЗ) | |
| 090 | _c521201 | ||
| 999 |
_c517650 _d517650 |
||